Dialèctica del desarrollo (Registro nro. 6732)
[ vista simple ]
| 000 -LEADER | |
|---|---|
| fixed length control field | 00970 a2200193 4500 |
| 001 - CONTROL NUMBER | |
| control field | 59552 |
| 005 - DATE AND TIME OF LATEST TRANSACTION | |
| control field | 20260407155849.0 |
| 008 - FIXED-LENGTH DATA ELEMENTS--GENERAL INFORMATION | |
| fixed length control field | 260407a1965 arg spa d |
| 003 - CONTROL NUMBER IDENTIFIER | |
| control field | AR-UNSa-BCEJYS |
| 040 ## - CATALOGING SOURCE | |
| Original cataloging agency | AR-UNSa-BCEJYS |
| Language of cataloging | spa |
| Transcribing agency | AR-UNSa-BCEJYS |
| 080 ## - UNIVERSAL DECIMAL CLASSIFICATION NUMBER | |
| Universal Decimal Classification number | 327 |
| Common auxiliary subdivision | Relaciones internacionales. Política internacional. Asuntos internacionales. Política exterior<br/> |
| 100 1# - MAIN ENTRY--PERSONAL NAME | |
| Personal name | Furtado, Celso |
| 245 10 - TITLE STATEMENT | |
| Title | Dialèctica del desarrollo |
| 264 #1 - PRODUCTION, PUBLICATION, DISTRIBUTION, MANUFACTURE, AND COPYRIGHT NOTICE | |
| Place of production, publication, distribution, manufacture | México : |
| Name of producer, publisher, distributor, manufacturer | Fondo de Cultura Económica |
| Date of production, publication, distribution, manufacture, or copyright notice | 1965 |
| 300 ## - PHYSICAL DESCRIPTION | |
| Extent | 158 p. |
| Dimensions | 21 cm. |
| 505 ## - FORMATTED CONTENTS NOTE | |
| Formatted contents note | 1. Reencuentro de la dialéctica - 2. El desarrollo económico en el proceso de cambio cultural - 3. Las luchas de clases en el desarrollo de las instituciones políticas - 4. Las ideologías de clase en la lucha por el poder - 5. Dialéctica del desarrollo capitalista - 6. Proyecciones políticas del subdesarrollo - 7. La economía del Brasil visión de conjunto - |
| 590 ## - LOCAL NOTE (RLIN) | |
| Local note | niveau_biblio:m niveau_hierar:0 |
| 942 ## - ADDED ENTRY ELEMENTS (KOHA) | |
| Koha item type | |
| Withdrawn status | Lost status | Damaged status | Not for loan | Home library | Current library | Shelving location | Date acquired | Total checkouts | Full call number | Barcode | Date last seen | Price effective from | Koha item type |
|---|---|---|---|---|---|---|---|---|---|---|---|---|---|
| Biblioteca Prof. Eusebio Cleto del Rey | Biblioteca Prof. Eusebio Cleto del Rey | 07/04/2026 | 327 F992 | L24441 | 07/04/2026 | 07/04/2026 | Libro | ||||||
| Biblioteca Prof. Eusebio Cleto del Rey | Biblioteca Prof. Eusebio Cleto del Rey | 07/04/2026 | 327 F992 | L24442 | 07/04/2026 | 07/04/2026 | Libro |